000 00982nam a2200289 a 4500
001 BRCA_4550
005 20190320204720.0
008 220910s1948----sp-a######---#000-0#spa-#
041 _aspa
044 _asp
050 4 _aNA5811
_b.M66 2 1948
100 1 _aAbbad Ríos, F.
_911520
245 1 0 _aLa seo y el pilar de Zaragoza
_cpor F. Abbad Ríos.
260 _aMadrid
_bPlus-Ultra
_c[1948?]
300 _a158 p.
_bil.
_c22 cm.
440 0 _aLos monumentos cardinales de España
_v5
_911521
500 _aVer también C24, E2, E18, E19, E20, E21, E22, E23, E24, E25, E26, E27
500 _aE3
504 _aIncluye referencias bibliográficas
610 2 4 _aCatedral de Nuestra Señora del Pilar (Zaragoza, España)
_911522
650 1 4 _aCatedrales
_zZaragoza, España
_911523
650 1 4 _aArte religioso
_zZaragoza, España
_911524
650 1 4 _aArquitectura
_zZaragoza, España
_911525
650 1 4 _aArquitectura religiosa
_zEspaña
_97863
902 _aGFM
942 _2lcc
_cB
999 _c4256
_d4256